000 00403nam a2200157Ia 4500
008 230917s9999||||xx |||||||||||||| ||und||
040 _e4547
_aMAIN
041 _aEnglish
082 _a329.973 S26A
100 _aPenniman, Howard R
245 0 _aSait's American parties and elections
250 _a5th ed.
260 _aNew York
_bAppleton-Century-Crofts
_c1952
300 _av, 574p p.
942 _cBK
999 _c34954
_d34954